| Tag |
First Indicator |
Second Indicator |
Subfields |
| LEADER |
00000cam a2200000 a 4500 |
| 001 |
in00001213607 |
| 005 |
20151002085817.0 |
| 008 |
940428s1994 ohua b 000 0beng d |
| 010 |
|
|
|a 93072172
|
| 020 |
|
|
|a 0879726253
|
| 035 |
|
|
|a (OCoLC)30341284
|
| 035 |
|
|
|9 AGQ0959AM
|
| 040 |
|
|
|a YSM
|c YSM
|d NGU
|d TXA
|d UtOrBLW
|
| 043 |
|
|
|a n-us---
|
| 049 |
|
|
|a TXAM
|
| 090 |
|
|
|a E748.L87
|b C87 1994
|
| 100 |
1 |
|
|a Curtis, Sandra R.,
|d 1950-
|
| 245 |
1 |
0 |
|a Alice and Eleanor :
|b a contrast in style and purpose /
|c Sandra R. Curtis.
|
| 264 |
|
1 |
|a Bowling Green, OH :
|b Bowling Green State University Popular Press,
|c [1994]
|
| 264 |
|
4 |
|c ©1994
|
| 300 |
|
|
|a iii, 225 pages :
|b illustrations ;
|c 24 cm.
|
| 336 |
|
|
|a text
|b txt
|2 rdacontent
|
| 337 |
|
|
|a unmediated
|b n
|2 rdamedia
|
| 338 |
|
|
|a volume
|b nc
|2 rdacarrier
|
| 490 |
1 |
|
|a Women's studies series
|
| 504 |
|
|
|a Includes bibliographical references (page 225).
|
| 600 |
1 |
0 |
|a Longworth, Alice Roosevelt,
|d 1884-1980.
|
| 650 |
|
0 |
|a Politicians' spouses
|z United States
|v Biography.
|
| 650 |
|
0 |
|a Children of presidents
|z United States
|v Biography.
|
| 600 |
1 |
0 |
|a Roosevelt, Eleanor,
|d 1884-1962.
|
| 650 |
|
0 |
|a Presidents' spouses
|z United States
|v Biography.
|
| 830 |
|
0 |
|a Women's studies series (Bowling Green, Ohio)
|
| 999 |
|
|
|a MARS
|
| 999 |
f |
f |
|s dacc15dc-cee1-37c1-8f7f-85dd81b82fa9
|i c892e4cd-d0ae-3080-a0d2-4b4392e82849
|t 0
|
| 952 |
f |
f |
|p ric
|a Texas A&M University
|b Rellis Campus
|c Joint Library Facility
|d Remote Storage
|t 0
|e E748.L87 C87 1994
|h Library of Congress classification
|i unmediated -- volume
|m A14818582801
|
| 998 |
f |
f |
|a E748.L87 C87 1994
|t 0
|l Remote Storage
|